<?xml version="1.0" encoding="UTF-8"?>
<record
    xmlns:xsi="http://www.w3.org/2001/XMLSchema-instance"
    xsi:schemaLocation="http://www.loc.gov/MARC21/slim http://www.loc.gov/standards/marcxml/schema/MARC21slim.xsd"
    xmlns="http://www.loc.gov/MARC21/slim">

  <leader>00973nam a22002537a 4500</leader>
  <controlfield tag="005">20240307173931.0</controlfield>
  <datafield tag="010" ind1=" " ind2=" ">
    <subfield code="a">ENG139424</subfield>
  </datafield>
  <datafield tag="020" ind1=" " ind2=" ">
    <subfield code="a">9788184247657</subfield>
    <subfield code="c">750.00</subfield>
  </datafield>
  <datafield tag="035" ind1=" " ind2=" ">
    <subfield code="a">EN-122956</subfield>
  </datafield>
  <datafield tag="037" ind1=" " ind2=" ">
    <subfield code="b">DBAD/PUB</subfield>
  </datafield>
  <datafield tag="245" ind1=" " ind2=" ">
    <subfield code="a">INFORMATION AND KNOWLEDGE DISSEMINATION/</subfield>
    <subfield code="c">By Chandana Patra...[et.al]</subfield>
  </datafield>
  <datafield tag="260" ind1=" " ind2=" ">
    <subfield code="a">New Delhi </subfield>
    <subfield code="b">ALLIED PUBLISHERS PVT.LTD</subfield>
    <subfield code="c">2012</subfield>
  </datafield>
  <datafield tag="270" ind1=" " ind2=" ">
    <subfield code="a">A-104 MAYAPURI PHASE2</subfield>
    <subfield code="b">New Delhi </subfield>
    <subfield code="e">110064</subfield>
  </datafield>
  <datafield tag="300" ind1=" " ind2=" ">
    <subfield code="a">482p. </subfield>
    <subfield code="c">24cm(Pb)</subfield>
  </datafield>
  <datafield tag="500" ind1=" " ind2=" ">
    <subfield code="a">Facts and Concepts from Latest Editions of Park 22nd 2013 Leon Gordis Epidemiology 4th, Harrison 18th, CMDT 2014 &amp; Mahajan Biostatistics 7th</subfield>
  </datafield>
  <datafield tag="700" ind1=" " ind2=" ">
    <subfield code="a">Patra, Chandana </subfield>
    <subfield code="e">Editor</subfield>
    <subfield code="9">62476</subfield>
  </datafield>
  <datafield tag="700" ind1=" " ind2=" ">
    <subfield code="a">Chaudhuri,Bidhan</subfield>
    <subfield code="e">Editor</subfield>
    <subfield code="9">62477</subfield>
  </datafield>
  <datafield tag="700" ind1=" " ind2=" ">
    <subfield code="a">Mandal,B.R.</subfield>
    <subfield code="e">Editor</subfield>
    <subfield code="9">62478</subfield>
  </datafield>
  <datafield tag="700" ind1=" " ind2=" ">
    <subfield code="a">Podder,Ashoke Kumar</subfield>
    <subfield code="e">Editor</subfield>
    <subfield code="9">62479</subfield>
  </datafield>
  <datafield tag="700" ind1=" " ind2=" ">
    <subfield code="a">Ghosh,Bula</subfield>
    <subfield code="e">Editor</subfield>
    <subfield code="9">62480</subfield>
  </datafield>
  <datafield tag="700" ind1=" " ind2=" ">
    <subfield code="a">Lahiri,Subhra</subfield>
    <subfield code="e">Editor</subfield>
    <subfield code="9">62481</subfield>
  </datafield>
  <datafield tag="700" ind1=" " ind2=" ">
    <subfield code="a">Dutta,Namita</subfield>
    <subfield code="e">Editor</subfield>
    <subfield code="9">62482</subfield>
  </datafield>
  <datafield tag="942" ind1=" " ind2=" ">
    <subfield code="2">ddc</subfield>
    <subfield code="c">EN</subfield>
    <subfield code="h">655.5</subfield>
    <subfield code="m">Inf</subfield>
  </datafield>
  <datafield tag="999" ind1=" " ind2=" ">
    <subfield code="c">201031</subfield>
    <subfield code="d">201031</subfield>
  </datafield>
  <datafield tag="952" ind1=" " ind2=" ">
    <subfield code="0">0</subfield>
    <subfield code="1">0</subfield>
    <subfield code="4">0</subfield>
    <subfield code="7">0</subfield>
    <subfield code="8">NFIC</subfield>
    <subfield code="a">PR</subfield>
    <subfield code="b">PR</subfield>
    <subfield code="d">2024-02-26</subfield>
    <subfield code="e">DBAD/PUB</subfield>
    <subfield code="g">750.00</subfield>
    <subfield code="l">0</subfield>
    <subfield code="o">655.5 INF</subfield>
    <subfield code="p">EN-122956</subfield>
    <subfield code="r">2024-02-26 00:00:00</subfield>
    <subfield code="t">1</subfield>
    <subfield code="v">750.00</subfield>
    <subfield code="w">2024-02-26</subfield>
    <subfield code="y">EN</subfield>
  </datafield>
</record>
